000
00344 a2200157 4500
001
151347
040
_c
Escola São Tomás de Aquino
100
_a
SCLIAR, Moacyr
240
1
0
_a
Deu no jornal
_l
por
245
1
0
_a
Deu no jornal
300
_a
32
362
0
_a
2008
440
1
_a
Edelbra
697
_a
*LITERATURA INFANTO JUVENIL
942
_c
BK
999
_c
151347
_d
151347